Ligereas reflexiones acerca de la gravedad de las actuales circunstancias. (Record no. 190217)

MARC details
000 -LEADER
campo de control de longitud fija 00349nam a2200121 i 4500
001 - NÚMERO DE CONTROL
campo de control 190217
003 - IDENTIFICADOR DE NÚMERO DE CONTROL
campo de control ES-MaACL
005 - FECHA Y HORA DE LA ÚLTIMA TRANSACCIÓN
campo de control 20230906223653.0
008 - DATOS DE LONGITUD FIJA--INFORMACIÓN GENERAL
campo de control de longitud fija 200916s1898 sp |||| | spa d
245 00 - MENCIÓN DEL TÍTULO
Título Ligereas reflexiones acerca de la gravedad de las actuales circunstancias.
260 ## - PUBLICACIÓN, DISTRIBUCIÓN, ETC.
Lugar de publicación, distribución, etc. Madrid :
Nombre del editor, distribuidor, etc. [s.n.],
Fecha de publicación, distribución, etc. 1898.
852 ## - LOCALIZACIÓN
Ubicación ES-MaACL
Número de control de estantería T-794-F-7
Holdings
Estatus retirado Estado de pérdida Estado de daño No para préstamo Colección Biblioteca de origen Biblioteca actual Ubicación en estantería Fecha de adquisición Fuente de adquisición Total de préstamos Signatura topográfica completa Código de barras Visto por última vez Precio de reemplazo Tipo de ítem Koha
        Colección de folletos Biblioteca del Ateneo de Madrid Biblioteca del Ateneo de Madrid Depósito folletos 21/05/2005     T-794-F-7 1202008 23/02/2023 23/02/2023 Folleto